| 000 | 00488nam a2200193 4500 | ||
|---|---|---|---|
| 003 | OSt | ||
| 005 | 20260601193906.0 | ||
| 008 | 260520b |||||||| |||| 00| 0 spa d | ||
| 040 |
_aICI _bspa _cICI _erda |
||
| 050 |
_aNK2110 _b.P63 |
||
| 100 |
_eautor _aGrupo di _934507 |
||
| 245 | _aPodio 22 | ||
| 264 |
_aMéxico _bComputo Scanner _c2000 |
||
| 300 | _a48 páginas | ||
| 336 |
_2rdacontent _atexto |
||
| 337 |
_2rdamedia _asin medio |
||
| 338 |
_2rdacarrier _avolumen |
||
| 942 |
_2lcc _n1 _cB |
||
| 999 |
_c22406 _d22406 |
||